| 000 | 01095nam a22003017i 4500 | ||
|---|---|---|---|
| 999 |
_c23058 _d23058 |
||
| 003 | AR-CdUCM | ||
| 008 | 240916b20232023 pe||||| |||| 00| 0 spa d | ||
| 020 | _a978-612-00-8295-9 | ||
| 040 |
_aMUNICIPALIDAD PROVINCIAL DEL CUSCO _cBIBLIOTECA MUNICIPAL DEL CUSCO |
||
| 041 | _hspa | ||
| 082 |
_a693.7 / C577C _b C577C |
||
| 100 |
_aChullo Llave, Neptali _950492 |
||
| 245 | _aConexiones en estructuras metálicas AISC 360-LRFD / | ||
| 260 |
_aPeru: _bChullo Llave, Neptali _c2023 |
||
| 300 |
_a175 páginas. : _c21 cm. |
||
| 500 | _zBibliografía: Página 175 | ||
| 505 | _aAcero estructural -- Modulo de elasticidad del acero -- Diseño de conexiones -- Soldadura -- Pernos y partes roscadas -- Resistencia de aplastamiento y de desgarre en perforaciones | ||
| 650 |
_aAcero _950497 |
||
| 650 |
_aConexiones _950498 |
||
| 650 |
_aSoldadura _922594 |
||
| 650 |
_aResistencia _95741 |
||
| 650 |
_aPernos _950499 |
||
| 650 |
_aPerforaciones _921695 |
||
| 650 |
_aTracción y corte _950500 |
||
| 650 |
_aCorte de pernos _950501 |
||
| 942 |
_2ddc _cLIBROS |
||
| 945 |
_apbj _d2024-09-16 |
||